000
00324nam a22001337a 4500
008
180927b xxu||||| |||| 00| 0 eng d
020
_a
01382774290
041
_a
eng
080
_2
3 ED
_a
611
100
_a
6
101
_a
ANA
245
_a
Speech And Hearning Science Anatomy Psyology
_c
Zemlin.W .R
942
_2
udc
_c
BK
999
_c
48600
_d
48600